00420nam a2200181Ia 4500008004100000020001800041050001400059100001800073245002800091245001800119260001500137260001600152260000900168300001600177300002700193300001000220500000800230170918s9999 xx 000 0 und d a9780545436434 bA465 2011 aAltbacker, EJ 4aThe battle of riptide / cEJ Altbacker. aNew York : bScholastic, c2011 a242 pages : bcolored illustration ; c19cm. a770